| 000 | 00981nas a2200313 4500 | ||
|---|---|---|---|
| 001 | BR2013007871 | ||
| 003 | BR-BrBNA | ||
| 005 | 20231205123016.0 | ||
| 007 | ta | ||
| 008 | 230509b bl.|||p| |||| 00| 00por d | ||
| 040 |
_aBR-BrBNA _bpor _cBiblioteca Nacional de Agricultura |
||
| 041 | _a(En) | ||
| 072 | _aP34 | ||
| 100 | 1 | _aChavez, L.F. | |
| 100 | 1 | _aAmado, T.J.C. | |
| 100 | 1 | _aBayer, C. | |
| 100 | 1 | _aNewton Junior, S. | |
| 100 | 1 | _aEscobar, L.F. | |
| 100 | 1 | _aFiorin, J.E. | |
| 100 | 1 | _aCampos, B.C. de | |
| 245 | 1 | _aCarbon dioxide efflux in a rhodic hapludox as affected by tillage systems in southern Brazil | |
| 650 | _aPLANTIO DIRETO | ||
| 650 | _aTEMPERATURA | ||
| 650 | _aUMIDADE DO SOLO | ||
| 773 | 0 |
_tRevista Brasileira de Ciência do Solo (Brazil) _xISSN 0100-0683 _g(Mar-Apr 2009), v. 33(2) p. 325-334 _wBR2013007871 |
|
| 856 | 4 | 0 | _uhttp://www.scielo.br/pdf/rbcs/v33n2/10.pdf |
| 909 |
_a202311 _bLúcia _c55 _dLúcia Elande |
||
| 942 |
_2AGRIS _n0 _cANA |
||
| 999 |
_c231742 _d231742 |
||